Geography Quiz

Random Geography or City Quiz

100 Most Populous Asian Cities Quiz Stats

 Plays Quiz not verified by Sporcle

Challenge
Share
Tweet
Embed
Score 0/100 Timer 12:00
0 Plays Today
Rank City % Correct
1Tokyo, Japan
98.3%
10Beijing, China
95.5%
7Shanghai, China
94.9%
2Mumbai, India
93%
3Delhi, India
92.1%
13Seoul, South Korea
92%
5Jakarta, Indonesia
91.8%
9Osaka, Japan
90.5%
16Hong Kong, China
89.2%
19Bangkok, Thailand
87.5%
4Kolkata, India
87.3%
11Manila, Philippines
87.1%
15Tehran, Iran
87%
8Karachi, Pakistan
86.5%
23Baghdad, Iraq
85%
32Hanoi, Vietnam
84%
30Singapore, Singapore
83.9%
24Riyadh, Saudi Arabia
82.8%
6Dhaka, Bangladesh
82.5%
42Pyongyang, North Korea
81.2%
26Ho Chi Minh City, Vietnam
80.1%
37Guangzhou, China
79.1%
20Lahore, Pakistan
78.7%
63Taipei, Taiwan
77.4%
12Istanbul, Turkey
77.3%
38Ankara, Turkey
76.1%
66Damascus, Syria
75.2%
41Kabul, Afghanistan
74.7%
18Bangalore, India
74%
17Chennai, India
73.7%
46Tel Aviv, Israel
70.9%
21Hyderabad, India
70.9%
40Pusan, South Korea
69.7%
43Xian, China
69.5%
Rank City % Correct
22Wuhan, China
66.1%
14Tianjin, China
66%
82Beirut, Lebanon
61%
33Yangon, Myanmar
61%
70Tashkent, Uzbekistan
60.1%
25Ahmedabad, India
59.7%
86Sapporo, Japan
59.2%
88Baku, Azerbaijan
57.9%
29Pune, India
57.2%
35Jidda, Saudi Arabia
56.5%
27Chongqing, China
55.9%
31Chittagong, Bangladesh
55.4%
39Chengdu, China
54.7%
89Kyoto, Japan
54.6%
50Nanjing, China
54%
58Aleppo, Syria
53.6%
48Harbin, China
52.3%
59Izmir, Turkey
47.7%
28Shenyang, China
46%
52Surabaya, Indonesia
46%
47Jaipur, India
45.2%
80Hangzhou, China
43%
36Surat, India
42.7%
34Bandung, Indonesia
41.9%
57Faisalabad, Pakistan
39.8%
49Fukuoka, Japan
39.5%
54Inch'on, South Korea
38.4%
56Lucknow, India
38.3%
64Qingdao, China
37.8%
72Medan, Indonesia
37.5%
69Mashhad, Iran
35.8%
53Dalian, China
33.9%
45Kanpur, India
32.7%
85Rawalpindi, Pakistan
29.8%
Rank City % Correct
65Nagpur, India
29.5%
95Kunming, China
29.5%
67Zhengzhou, China
27.4%
71Patna, India
25%
75Changsha, China
23.9%
100Bhopal, India
22.7%
55Jinan, China
22.5%
44Changchun, China
22.1%
78Indore, India
21.8%
90Lanzhou, China
20.4%
60Taiyuan, China
19.9%
98Palembang, Indonesia
19.1%
51Zibo, China
18.5%
94Shijiazhuang, China
16.5%
93Nanchang, China
14.8%
61Taegu, South Korea
14.8%
62Guiyang, China
13.2%
87Hai Phong, Vietnam
11.9%
97Vadodara, India
11.3%
91Tangshan, China
8%
76Linyi, China
6.7%
81Tianmen, China
5.7%
96Yantai, China
5.3%
73Handan, China
5%
83Heze, China
4.7%
74Liupanshui, China
4.7%
99Yulin, China
4.6%
84Jinxi, China
4.2%
68Zaozhuang, China
3.7%
77Liuan, China
3.5%
92Xiantao, China
2.5%
79Wanxian, China
2.4%

You're not logged in!

Compare scores with friends on all Sporcle quizzes.
OR
Log In

You Might Also Like...

Show Comments

Extras

Top Quizzes Today


Score Distribution

Your Account Isn't Verified!

In order to create a playlist on Sporcle, you need to verify the email address you used during registration. Go to your Sporcle Settings to finish the process.

Report this User

Report this user for behavior that violates our Community Guidelines.

Details: